Film italien : Le Guépard - Statistiques

Statistiques générales
  • Ce quiz a été pris 22 fois
  • Le résultat moyen est 14 sur 20
Statistiques - réponses
Questions Réponses % Correct
Acteur français qui joue le rôle de Tancrède Falconeri. Alain Delon
100%
Acteur américain qui joue le rôle du Prince Don Fabrice de Salina. Burt Lancaster
91%
Actrice italienne qui joue le rôle d'Angelica Sedara. Claudia Cardinale
91%
Île sur laquelle se déroule l'histoire, île d'origine de l'auteur original du roman (réponse #6). La Sicile
91%
Réalisateur du film. Luchino Visconti
91%
Langue dans laquelle les fidèles récitaient le "Je vous salue Marie" au cours de la messe dans la scène d'ouverture du film. Le latin
86%
Année de sortie du film. 1963
77%
Révolutionnaire libéral, franc-maçon et laïque favorable à une monarchie parlementaire, hostile aux précédents et à la Papauté, pour qui se battit Tancrède. Giuseppe Garibaldi
77%
Récompense qu'a obtenu le film en France. La Palme d'or
73%
Futur acteur de westerns comiques qui joua sous son nom de naissance et pas encore son nom de scène, le rôle du Comte Cavriaghi. Terence Hill
64%
Complétez cette réplique célèbre de Tancrède : "Si nous voulons que tout reste pareil, il faut que nous ______ tout." Changions
59%
Compositeur de la bande originale du film. Nino Rota
59%
Acteur d'origine italienne, également chanteur d'expression française, qui joue le rôle de Don Ciccio Tumeo, compagnon de chasse monarchiste du Prince. Serge Reggiani
59%
Gentilhomme et "Grand d'Espagne", auteur original du roman "Le Guépard", son unique roman. Giuseppe Tomasi di Lampedusa
55%
Animaux charognards d'Afrique qui représentent dans l'esprit du Prince de Salina, la bourgeoisie montante qui venait de prendre le pouvoir aux dépends de l'aristocratie, à la faveur de la révolution qui a mené à l'unification italienne.
"Nous étions les Guépards, les Lions. Ceux qui nous remplaceront, seront les _____ (1), les ______ (2). ; et tous, tant que nous sommes, guépards, lions, ______(1) et brebis nous continuerons à nous croire le sel de la terre. »
Hyènes
55%
Mode d'organisation d'un pays préconisé par le révolutionnaire Don Giuseppe dit Peppino Mazzini et dont Tancrède ne veut absolument pas. La République
55%
Dynastie qui régna sur cette île jusqu'à l'époque où commence le récit, dynastie que soutint Don Ciccio Tumeo qui a été instruit grâce à leur générosité. Les Bourbons
50%
Animaux charognards d'Afrique qui représentent dans l'esprit du Prince de Salina, la bourgeoisie montante qui venait de prendre le pouvoir aux dépends de l'aristocratie, à la faveur de la révolution qui a mené à l'unification italienne. "Nous étions les Guépards, les Lions. Ceux qui nous remplaceront, seront les _____ (1), les ______ (2). ; et tous, tant que nous sommes, guépards, lions, ______(1) et brebis nous continuerons à nous croire le sel de la terre. » Chacals
45%
Dynastie à laquelle appartenait le futur Roi Victor-Emmanuel II pour qui se battirent Tancrède ainsi que le précédent. La Maison de Savoie
45%
Adaptateur dialoguiste de la version française du film, connu également pour ses romans d'anticipation comme "Le voyageur imprudent" ou "La Nuit des temps". René Barjavel
45%
Aucun quiz correspondant
Distribution des résultats
% des personnes avec chaque résultat
Percentile par nombre de réponses
Votre historique - résultats
Vous n’avez pas pris ce quiz